000049832 001__ 49832
000049832 005__ 20230317220949.0
000049832 0247_ $$2doi$$a10.1007/BF00574449
000049832 0247_ $$2ISSN$$a1432-881X
000049832 0247_ $$2ISSN$$a1432-2234
000049832 0247_ $$2ISSN$$a0040-5744
000049832 037__ $$aGSI-2013-01459
000049832 041__ $$aEnglish
000049832 082__ $$a540
000049832 1001_ $$0P:(DE-HGF)0$$aGreenland, P. Thornton$$b0$$eCorresponding author
000049832 245__ $$aTwo centre continuum Coulomb wavefunctions in the entire complex plane
000049832 260__ $$aBerlin$$bSpringer$$c1976
000049832 3367_ $$0PUB:(DE-HGF)16$$2PUB:(DE-HGF)$$aJournal Article$$bjournal$$mjournal$$s1365426271_1978
000049832 3367_ $$2DRIVER$$aarticle
000049832 3367_ $$2BibTeX$$aARTICLE
000049832 3367_ $$00$$2EndNote$$aJournal Article
000049832 536__ $$0G:(DE-HGF)POF2-899$$a899 - ohne Topic (POF2-899)$$cPOF2-899$$fPOF I$$x0
000049832 588__ $$aDataset connected to CrossRef, repository.gsi.de
000049832 7001_ $$0P:(DE-HGF)0$$aGreiner, Walter$$b1
000049832 773__ $$0PERI:(DE-600)1463180-5$$a10.1007/BF00574449$$gVol. 42, no. 3, p. 273 - 291$$n3$$p273 - 291$$tTheoretical chemistry accounts$$v42$$x1432-2234$$y1976
000049832 909CO $$ooai:repository.gsi.de:49832$$pVDB
000049832 9101_ $$0I:(DE-Ds200)20121206GSI$$6P:(DE-HGF)0$$aGSI Helmholtzzentrum für Schwerionenforschung GmbH$$b0$$kGSI
000049832 9131_ $$0G:(DE-HGF)POF2-899$$1G:(DE-HGF)POF2-890$$2G:(DE-HGF)POF2-800$$3G:(DE-HGF)POF2$$4G:(DE-HGF)POF$$aDE-HGF$$bProgrammungebundene Forschung$$lohne Programm$$vohne Topic$$x0
000049832 915__ $$0StatID:(DE-HGF)0010$$2StatID$$aJCR/ISI refereed
000049832 915__ $$0StatID:(DE-HGF)0100$$2StatID$$aJCR
000049832 915__ $$0StatID:(DE-HGF)0110$$2StatID$$aWoS$$bScience Citation Index
000049832 915__ $$0StatID:(DE-HGF)0111$$2StatID$$aWoS$$bScience Citation Index Expanded
000049832 915__ $$0StatID:(DE-HGF)0150$$2StatID$$aDBCoverage$$bWeb of Science Core Collection
000049832 915__ $$0StatID:(DE-HGF)0199$$2StatID$$aDBCoverage$$bThomson Reuters Master Journal List
000049832 915__ $$0StatID:(DE-HGF)0200$$2StatID$$aDBCoverage$$bSCOPUS
000049832 915__ $$0StatID:(DE-HGF)0300$$2StatID$$aDBCoverage$$bMedline
000049832 915__ $$0StatID:(DE-HGF)0420$$2StatID$$aNationallizenz
000049832 915__ $$0StatID:(DE-HGF)1020$$2StatID$$aDBCoverage$$bCurrent Contents - Social and Behavioral Sciences
000049832 920__ $$lyes
000049832 9201_ $$0I:(DE-Ds200)THE-20051214OR028$$kTHE$$lTheorie$$x0
000049832 980__ $$ajournal
000049832 980__ $$aVDB
000049832 980__ $$aI:(DE-Ds200)20120319OR028
000049832 980__ $$aI:(DE-Ds200)THE-20051214OR028
000049832 980__ $$aUNRESTRICTED